Principles of dynamics programming

Saved in:
Bibliographic Details
Main Author: Larson, Roland E.
Other Authors: Casti, John L.
Format: Book
Language:English
Published: New York Dekker 1982
Tags: Add Tag
No Tags, Be the first to tag this record!

MARC

LEADER 00000nam a2200000 4500
001 c132687
005 20041019155255.9
041 0 |a eng 
044 |a US 
245 1 0 |a Principles of dynamics programming  |c Roland E. Larson, John L. Casti 
264 1 |a New York  |b Dekker  |c 1982 
300 |a 497 s. 
100 1 |a Larson, Roland E. 
700 1 |a Casti, John L.